नक्सली आंदोलन का वैचारिक संकट / (Record no. 18445)

MARC details
000 -LEADER
fixed length control field 01480nam a22002537a 4500
005 - DATE AND TIME OF LATEST TRANSACTION
control field 20081117102548.0
008 - FIXED-LENGTH DATA ELEMENTS--GENERAL INFORMATION
fixed length control field 081117t xxu||||| |||| 00| 0 hin d
010 ## - LCCN (DPL NO)
LC control number HIN-84921
020 ## - INTERNATIONAL STANDARD BOOK NUMBER
International Standard Book Number 9788188742172
Terms of availability 45.00
035 ## - SYSTEM CONTROL NUMBER
System control number HN-57267
037 ## - SOURCE OF ACQUISITION
Source of stock number/acquisition DBAD / PUB
040 ## - CATALOGING SOURCE
Original cataloging agency DPL
Language of cataloging HN
082 ## - DEWEY DECIMAL CLASSIFICATION NUMBER
Classification number 303.625
100 ## - MAIN ENTRY--PERSONAL NAME
Personal name सिन्हा, सच्चिदानंद
245 ## - TITLE STATEMENT
Title नक्सली आंदोलन का वैचारिक संकट /
Statement of responsibility, etc सच्चिदानंद सिन्हा
246 ## - VARYING FORM OF TITLE
Title proper/short title Naxali aandolan kaa vaicharik sankat
Remainder of title by Sachchidanand Sinha
260 ## - PUBLICATION, DISTRIBUTION, ETC. (IMPRINT)
Place of publication, distribution, etc काँचरापाड़ा ( पश्चिम बंगाल )
Name of publisher, distributor, etc रोशनाई प्रकाशन
Date of publication, distribution, etc 2008
270 ## - ADDRESS
Address 212 सी एल/ए, अशोक मित्र रोड(सरकस मैदान के पास), काँचरापाड़ा, उत्तर 24 परगना
City पश्चिम बंगाल
Postal code 743145
Telephone number 033 25850249, 32598980
Electronic mail address roshnaiprakashan@sify.com
300 ## - PHYSICAL DESCRIPTION
Extent 95पृ
Dimensions 22सेमी (अजिल्द)
650 ## - SUBJECT ADDED ENTRY--TOPICAL TERM
Topical term or geographic name as entry element नक्सली आंदोलन
Geographic subdivision भारत
650 ## - SUBJECT ADDED ENTRY--TOPICAL TERM
Topical term or geographic name as entry element Naxalite movement
Geographic subdivision India
942 ## - ADDED ENTRY ELEMENTS (KOHA)
Source of classification or shelving scheme Dewey Decimal Classification
Item type Hindi Books
Call number suffix सिन्हास
Classification part 303.625
Holdings
Withdrawn status Lost status Source of classification or shelving scheme Damaged status Not for loan Collection code Home library Current library Date acquired Source of acquisition Cost, normal purchase price Total Checkouts Full call number Barcode Date last seen Copy number Cost, replacement price Koha item type
    Dewey Decimal Classification   Not For Loan Non-fiction D.B.Act.Division D.B.Act.Division 17/11/2008 DBAD / PUB 45.00   303.625 सिन्हास HN-57267 17/11/2008 1 45.00 Hindi Books

© Delhi Public Library
Hit Counter
free hit counter